000 03595nam a2200289Ia 4500
003 OSt
005 20210824153451.0
008 210310t2013 ck ad fr 010 0dspa d
020 _a9789585704237
040 _aCO-JMCR
_cCO-JMCR
041 0 _aspa
082 0 4 _a336.012861 /
_bC617e
_223
100 1 _aClavijo, Sergio,
_917184
_eautor
245 1 0 _aEstructura fiscal de Colombia y ajustes requeridos (2012-2020) /
_cSergio Clavijo, Alejandro Vera, Nelson Vera
260 _aBogotá :
_bANIF,
_c©2013
300 _a246 páginas :
_bilustraciones y gráficas a blanco y negro ;
_c22 cm.
500 _aIncluye datos biográficos de los autores.
504 _aBibliografía: páginas [241]-246
505 0 _aAnálisis de las presione estructurales de gasto -- Análisis por el lado de los ingresos -- Simulaciones Fiscales de Mediano Plazo (2012-2020)
520 3 _aEste escrito nació gracias al Premio Germán Botero de los Rios del año 2011, el cual nos permitió sentar las bases históricas (1990-2011) y prospectivas (2012-2020) del análisis fiscal que hoy divulgamos a través de este libro. A lo largo del año 2012 fuimos perfeccionando y actualizando los efectos de los cambios legislativos, principalmente en lo relativo a: i) la financiación de la salud, donde la Corte Constitucional ha puesto nuevamente presión sobre el Ejecutivo para acelerar las tareas de universalización y homologación de los servicios; ii) las reasignaciones de gasto en materia de regalías, una vez conocida la Ley 1530 de 2012, que reglamentó la reforma constitucional de 2011, y el presupuesto bianual de regalías del período 2013-2014; iii) las proyecciones de gastos en infraestructura resultantes de la recién creada ANI (Ley 1444 de 2011) y del ambicioso programa anunciado por valor de $40 billones; iv) las precisiones en materia de aplicación de la Regla Fiscal, según la Ley 1473 de 2011; y v) la reciente aprobación de la reforma tributaria de la Ley 1607 de 2012, que incluyó valiosos elementos estructurales (como la sustitución de fuentes de financiamiento de los parafiscales laborales y una mayor progresividad en el Imporrenta de personas naturales), pero cuya solución terminó siendo subóptima y carente de incrementos significativos en el recaudo neto total, como lo amerita la situación actual del país. Queremos expresar aquí nuestra gratitud con Fedesarrollo, como entidad administradora del Premio Germán Botero de los Rios. En particular, nuestros agradecimientos especiales van para Roberto Steiner (director de Fedesarrollo en 2011, cuando se nos adjudicó el Premio Germán Botero de los Ríos) y para Armando Montenegro y Alberto Carrasquilla, quienes estimula ron nuestro trabajo con importantes comentarios a través de este largo proceso. También estamos en deuda con Leonardo Villar (quien asumió la Dirección de Fedesarrollo a partir de 2012) por habernos copatrocinado la extensión y publicación de este trabajo y así haber podido incluir los aconteceres nacionales recientes del período julio-2011 a diciembre de 2012. La obra que aquí entregamos encierra entonces casi tres años de arduos trabajos referidos al seguimiento fiscal del país, cuyo resultado esperamos contribuya a consolidar el buen desempeño fiscal y social de Colombia.
586 _aPremio a la investigación "Germán Botero de los Ríos" Fedesarrollo
650 1 4 _aGastos públicos
_917186
_zColombia
650 2 4 _aPolítica fiscal
_zColombia
_96903
700 1 _aVera, Alejandro,
_eautor
_94755
700 1 _aVera, Nelson,
_eautor
_96516
942 _2ddc
_cBK
999 _c8408
_d8408